LEADER 05068nam 2200673Ia 450 001 9910962159503321 005 20200520144314.0 010 $a1-283-04731-4 010 $a9786613047311 010 $a90-272-8626-4 035 $a(CKB)2670000000077195 035 $a(SSID)ssj0000473500 035 $a(PQKBManifestationID)11302286 035 $a(PQKBTitleCode)TC0000473500 035 $a(PQKBWorkID)10437785 035 $a(PQKB)10477309 035 $a(MiAaPQ)EBC673102 035 $a(Au-PeEL)EBL673102 035 $a(CaPaEBR)ebr10458982 035 $a(OCoLC)709596546 035 $a(DE-B1597)719421 035 $a(DE-B1597)9789027286260 035 $a(iGPub)JOBE0003135 035 $a(EXLCZ)992670000000077195 100 $a19870302d1986 uy 0 101 0 $aeng 135 $aurcn||||||||| 181 $ctxt 182 $cc 183 $acr 200 10$aStrategies and structures $ethe processing of relative clauses /$fGary D. Prideaux and William J. Baker 205 $a1st ed. 210 $aAmsterdam ;$aPhiladelphia $cJ. Benjamins$d1986 215 $aix, 197 p 225 1 $aAmsterdam studies in the theory and history of linguistic science. Series IV. Current issues in linguistic theory,$x0304-0763 ;$vv. 46 300 $aBibliographic Level Mode of Issuance: Monograph 311 08$a90-272-3540-6 320 $aIncludes bibliographical references and index. 327 $aSTRATEGIES AND STRUCTURES THE PROCESSING OF RELATIVE CLAUSES -- Editorial page -- Title page -- Copyright page -- PREFACE -- Table of contents -- CHAPTER ONE. INTRODUCTION -- Preliminaries -- Processing Considerations -- Goals -- Preview -- CHAPTER TWO. COGNITIVE STRATEGIES -- Introduction -- Production and Comprehension -- Cognitive Strategies: An Early Perspective -- Strategies and Structures -- Parsing Strategies -- Some Sentence-Level Strategies -- Relative Clause Strategies -- Discourse Strategies -- Summary. -- CHAPTER THREE. RELATIVE CLAUSES -- Introduction -- Relative Clause Structures -- The Choice of Relative Clauses -- Independent Variables -- Stimulus Materials -- Predictions -- Research Methodologies -- CHAPTER FOUR. STUDIES IN RELATIVE ACCEPTABILITY -- Grammatically and Acceptability -- Acceptability and Processing Ease -- Predictions -- Experiment One: Category Judgements -- Experiment Two: Scaling Judgements -- Experiment Three: Rank Ordering Judgements -- Summary and Conclusions -- CHAPTER FIVE. STUDIES IN COMPREHENSION AND PRODUCTION -- Introduction -- Experiment Four: Visual Display -- Experiment Five: TV Presentation -- Conclusions -- CHAPTER SIX. STUDIES IN TEXT ANALYSIS -- Introduction7 -- The Texts -- Results -- Conclusions -- CHAPTER SEVEN. STUDIES FROM OTHER LANGUAGES -- Introduction -- Studies in Japanese and Korean -- Studies in Ukrainian -- Summary -- CHAPTER EIGHT. CONCLUSIONS -- Introduction -- General Results -- On the Nature of Strategies -- Modularity -- Conclusions -- REFERENCES -- APPENDIX A. STIMULUS MATERIALS FOR EXPERIMENTS 1 AND 2 -- APPENDIX B. STIMULUS MATERIALS FOR EXPERIMENT 3 -- APPENDIX C. EXPERIMENT 1 INSTRUCTIONS -- INDEX -- The series Current Issues in Linguistic Theory. 330 $aIn this monograph, the nature of processing strategies is explored in some detail, with an attempt to cut through the maze of often contradictory and confused proposals concerning the nature and form of various strategies. Once a preliminary conception of the nature of cognitive strategies and a hypothesis of how they interact with linguistic structures has been reached, it will be explored how such strategies are employed by examining experiments which address the role played by certain of these strategies in the comprehension and production of sentences. The authors draw a distinction between a strategy on the one hand and a grammatical structure on the other. They argued that, in principle, strategies ought to be formulated as language-independent, cognitively based operations which are involved in cognitive domains other than language, but which, in language processing, interact with language-specific structures to facilitate processing. Moreover, strategies are not linguistic rules, since, unlike rules, they permit exceptions and express tendencies rather than firm yes-no choices. 410 0$aAmsterdam studies in the theory and history of linguistic science.$nSeries IV,$pCurrent issues in linguistic theory ;$vv. 46. 606 $aAcceptability (Linguistics) 606 $aCognition 606 $aGrammar, Comparative and general$xRelative clauses 606 $aPsycholinguistics 615 0$aAcceptability (Linguistics) 615 0$aCognition. 615 0$aGrammar, Comparative and general$xRelative clauses. 615 0$aPsycholinguistics. 676 $a401/.9 700 $aPrideaux$b Gary Dean$0652351 701 $aBaker$b William J$0295375 801 0$bMiAaPQ 801 1$bMiAaPQ 801 2$bMiAaPQ 906 $aBOOK 912 $a9910962159503321 996 $aStrategies and structures$94374203 997 $aUNINA